महादेवी के श्रेष्ठ गीत / (Record no. 112992)
[ view plain ]
| 000 -LEADER | |
|---|---|
| fixed length control field | 01228nam a22002777a 4500 |
| 005 - DATE AND TIME OF LATEST TRANSACTION | |
| control field | 20170124102946.0 |
| 010 ## - LIBRARY OF CONGRESS CONTROL NUMBER | |
| LC control number | A-690428 |
| 020 ## - INTERNATIONAL STANDARD BOOK NUMBER | |
| Terms of availability | 100.00 |
| International Standard Book Number | 817016186 |
| 035 ## - SYSTEM CONTROL NUMBER | |
| System control number | A-690428 |
| 037 ## - SOURCE OF ACQUISITION | |
| Source of stock number/acquisition | Cen Lib/Ret |
| 040 ## - CATALOGING SOURCE | |
| Original cataloging agency | DPL |
| Language of cataloging | HN |
| 082 ## - DEWEY DECIMAL CLASSIFICATION NUMBER | |
| Classification number | 821 |
| Item number | महादे |
| 100 ## - MAIN ENTRY--PERSONAL NAME | |
| Personal name | पाण्डेय, गंगाप्रसाद |
| 9 (RLIN) | 43015 |
| 245 ## - TITLE STATEMENT | |
| Title | महादेवी के श्रेष्ठ गीत / |
| Statement of responsibility, etc | संपादक गंगाप्रसाद पाण्डेय |
| 246 ## - VARYING FORM OF TITLE | |
| Title proper/short title | Mahadevi ke shreshth geet / |
| Remainder of title | sampadak ganfaprasad Pandey |
| 260 ## - PUBLICATION, DISTRIBUTION, ETC. (IMPRINT) | |
| Place of publication, distribution, etc | नयी दिल्ली |
| Name of publisher, distributor, etc | किताबघर |
| Date of publication, distribution, etc | 1994 |
| 270 ## - ADDRESS | |
| Address | २१, अंसारी रोड, दरयागंज |
| City | नयी दिल्ली |
| Postal code | 110002 |
| 300 ## - PHYSICAL DESCRIPTION | |
| Extent | 211पृ. |
| Dimensions | 19सेमी(सजिल्द ) |
| 500 ## - GENERAL NOTE | |
| General note | परिशष्ट शामिल |
| 650 ## - SUBJECT ADDED ENTRY--TOPICAL TERM | |
| Topical term or geographic name as entry element | हिंदी साहित्य |
| General subdivision | |
| Geographic subdivision | |
| 9 (RLIN) | 50103 |
| 650 ## - SUBJECT ADDED ENTRY--TOPICAL TERM | |
| Topical term or geographic name as entry element | हिंदी काव्य |
| 9 (RLIN) | 50104 |
| 650 ## - SUBJECT ADDED ENTRY--TOPICAL TERM | |
| Topical term or geographic name as entry element | Hindi literature |
| 9 (RLIN) | 50105 |
| 650 ## - SUBJECT ADDED ENTRY--TOPICAL TERM | |
| Topical term or geographic name as entry element | Hindi poetry |
| 9 (RLIN) | 50106 |
| 700 ## - ADDED ENTRY--PERSONAL NAME | |
| Personal name | पाण्डेय, गंगाप्रसाद |
| 9 (RLIN) | 43015 |
| 942 ## - ADDED ENTRY ELEMENTS (KOHA) | |
| Source of classification or shelving scheme | Dewey Decimal Classification |
| Koha item type | Hindi Books |
| Classification part | 821.08 |
| Call number suffix | महादे |
| Withdrawn status | Lost status | Damaged status | Not for loan | Home library | Current library | Date acquired | Source of acquisition | Cost, normal purchase price | Total Checkouts | Full call number | Barcode | Date last seen | Date checked out | Copy number | Cost, replacement price | Price effective from | Koha item type |
|---|---|---|---|---|---|---|---|---|---|---|---|---|---|---|---|---|---|
| Central Library | Central Library | 11/08/2015 | Cen Lib/Ret | 100.00 | 1 | 821 महादे | A-690428 | 22/01/2019 | 08/01/2019 | 1 | 100.00 | 11/08/2015 | Hindi Books |
